000 01866cam a2200457Ki 4500
001 vtls003277949
003 MY-SjTCS
005 20200508124619.0
006 m o d
007 cr cnu---unuuu
008 191107t20192019nyua o 000 0 eng d
020 _a9781510746152
_q(electronic bk.)
020 _a1510746153
_q(electronic bk.)
020 _z1510738479
020 _z9781510738478
035 _a(OCoLC)1081038962
_z(OCoLC)1102415114
035 _a(OCoLC)on1081038962
037 _a5C84FD47-D068-4DC0-80EB-7F6D93DF2798
_bOverDrive, Inc.
_nhttp://www.overdrive.com
039 9 _y201911071647
_zshuhada
040 _aN$T
_beng
_erda
_epn
_cN$T
_dYDX
_dTEFOD
_dTOH
_dOCLCF
_dN$T
049 _aMAIN
082 0 4 _a747.1
_223
100 1 _aHelmuth, Betsy,
_eauthor.
245 1 0 _aAffordable interior design :
_bhigh-end tips for any budget /
_cBetsy Helmuth ; Photography by Dov Plawsky.
264 1 _aNew York, New York :
_bSkyhorse Publishing,
_c[2019]
264 4 _c©2019
300 _a1 online resource (154 pages) :
_bcolor illustrations
336 _atext
_2rdacontent
337 _acomputer
_2rdamedia
338 _aonline resource
_2rdacarrier
500 _a"As seen on the Today Show!"--Cover.
588 0 _aPrint version record.
590 _aeBooks on EBSCOhost
_bAll EBSCO eBooks
650 0 _aInterior decoration.
650 0 _aDo-it-yourself work.
655 4 _aElectronic books.
655 0 _aElectronic books.
700 1 _aPlawsky, Dov,
_ephotographer.
776 0 8 _iPrint version:
_aHelmuth, Betsy.
_tAffordable Interior Design.
_dNew York, New York : Skyhorse Publishing, [2019]
_z1510738479
_w(OCoLC)1030760940
856 4 0 _uhttps://ezproxy.taylors.edu.my/login?url=http://search.ebscohost.com/login.aspx?direct=true&scope=site&db=nlebk&AN=1981090
_zAn electronic book accessible through the World Wide Web; click to view
999 _c83886